| 000 | 00402nam a22001217a 4500 | ||
|---|---|---|---|
| 082 | _a200 THE | ||
| 100 |
_aSana Ullah _951550 |
||
| 245 | _aTH-SOF-1522-Edge Flow Based Level Set Evolution Approach for Medical Image Segmentation | ||
| 260 |
_aIslamabad _bNUST College of EME _c2018 |
||
| 650 |
_aMS-COMPUTER ENGINEERING-85 MSTHESIS _969445 |
||
| 700 |
_aSupervisor Dr. Farhan Riaz _969758 |
||
| 942 | _cCF | ||
| 999 |
_c576896 _d576896 |
||